|
|
|
|
| LEADER |
01130naa a2200265 i 4500 |
| 001 |
acta76343 |
| 005 |
20221108134829.0 |
| 008 |
220715s2022 hu o 1|| eng d |
| 020 |
|
|
|a 2978-963-306-860-1
|
| 040 |
|
|
|a SZTE Egyetemi Kiadványok Repozitórium
|b hun
|
| 041 |
|
|
|a eng
|
| 100 |
1 |
|
|a Pascariu Anka Roxana
|
| 245 |
1 |
4 |
|a The importance of images in the promotion of agroturistic boarding house in the Western region of Romania
|h [elektronikus dokumentum] /
|c Pascariu Anka Roxana
|
| 260 |
|
|
|a University of Szeged Faculty of Agriculture
|b Hódmezővásárhely
|c 2022
|
| 300 |
|
|
|a 105
|
| 490 |
0 |
|
|a Wellmann International Scientific Conference
|
| 650 |
|
4 |
|a Társadalomtudományok
|
| 650 |
|
4 |
|a Társadalom- és gazdaságföldrajz
|
| 695 |
|
|
|a Turizmus - Románia - regionális - előadáskivonat
|
| 700 |
0 |
1 |
|a Gordan Marius
|e aut
|
| 700 |
0 |
1 |
|a Iosim Iasmina
|e aut
|
| 700 |
0 |
1 |
|a Adamov Tabita
|e aut
|
| 700 |
0 |
1 |
|a Iancu Tiberiu
|e aut
|
| 710 |
|
|
|a Wellmann International Scientific Conference (19.) (2022) (Hódmezővásárhely)
|
| 856 |
4 |
0 |
|u http://acta.bibl.u-szeged.hu/76343/1/wellmann_abstracts_2022_105.pdf
|z Dokumentum-elérés
|